Catálogo

Vista normal Vista MARC

Entrada Personal Name

Número de registros utilizados en: 2

001 - CONTROL NUMBER

  • control field: 16775

003 - CONTROL NUMBER IDENTIFIER

  • control field: DLC

005 - DATE AND TIME OF LATEST TRANSACTION

  • control field: 20250508115632.0

008 - FIXED-LENGTH DATA ELEMENTS

  • fixed length control field: 820913n| azannaabn |a aaa

010 ## - LIBRARY OF CONGRESS CONTROL NUMBER

  • LC control number: n 82124556

035 ## - SYSTEM CONTROL NUMBER

  • System control number: (OCoLC)oca00820878

040 ## - CATALOGING SOURCE

  • Original cataloging agency: DLC
  • Language of cataloging: spa
  • Description conventions: rda
  • Transcribing agency: Mx-PuUPA
  • Modifying agency: DLC
  • Modifying agency: OCoLC
  • Modifying agency: CSt
  • Modifying agency: ICU
  • Modifying agency: UPB
  • Modifying agency: Mx-PuUPA

046 ## - SPECIAL CODED DATES

  • Birth date: 1946
  • Death date: 20200810
  • Source of date scheme: edtf

100 1# - HEADING--PERSONAL NAME

  • Personal name: Melgar Bao, Ricardo,
  • Dates associated with a name: 1946-2020

370 ## - ASSOCIATED PLACE

  • Place of birth: Lima (Perú)
  • Place of death: Cuernavaca (México)
  • Source of term: naf

370 ## - ASSOCIATED PLACE

  • Associated country: México
  • Source of term: naf
  • Start period: 1977

372 ## - FIELD OF ACTIVITY

  • Field of activity: Comunismo--América Latina--Historia
  • Source of term: lcsh

373 ## - ASSOCIATED GROUP

  • Associated group: Instituto Nacional de Antropolología e Historia (México)
  • Source of term: naf

374 ## - OCCUPATION

  • Occupation: Antropólogo
  • Occupation: Historiador
  • Occupation: Autor
  • Source of term: lcsh

375 ## - GENDER

  • Gender: hombre

377 ## - ASSOCIATED LANGUAGE

  • Language code: spa

400 1# - SEE FROM TRACING--PERSONAL NAME

  • Personal name: Bao, Ricardo Melgar
  • Dates associated with a name: 1946-2020

400 1# - SEE FROM TRACING--PERSONAL NAME

  • Personal name: Melgar, Ricardo
  • Dates associated with a name: 1946-2020

670 ## - SOURCE DATA FOUND

  • Source citation: His Burguesía y prol. en el Perú, 1820-1930, 1980:
  • Information found: t.p. (Ricardo Melgar Bao) p. iv (Ricardo Melgar)

670 ## - SOURCE DATA FOUND

  • Source citation: Mariátegui, Indoamérica y las crisis civilizatorias de Occidente, 1995:
  • Information found: t.p. (Ricardo Melgar Bao) p. 4 of cover (b. 1946, Lima, Perú; desde 1977 radica en México)

670 ## - SOURCE DATA FOUND

  • Source citation: Latin American perspectives, volume 35, number 2, 2008:
  • Information found: page p (Ricardo Melgar Bao; Peruvian anthropologist, historian, and researcher for Mexico's National Institute of Anthropology and History; has published numerous articles on the Comintern in Latin America)

670 ## - SOURCE DATA FOUND

  • Source citation: Spanish Wikipedia, January 23, 2025
  • Information found: (Ricardo Melgar Bao; born in Lima, Peru in 1946; died in Cuernavaca, Mexico on August 10, 2020; Peruvian professor, historian and anthropologist who resided in Mexico since 1977)
  • Uniform Resource Identifier: https://es.wikipedia.org/wiki/Ricardo_Melgar_Bao